| 000 | 00439nam a2200133 a 4500 | ||
|---|---|---|---|
| 008 | 120416s1968 ||||||||||||||||| || u | ||
| 050 | _aPR 6068.O197C6 | ||
| 100 | _aRobinson, Robert | ||
| 245 | 1 | 4 | _aThe conspiracy |
| 260 |
_aLondon _bHodder and Stoughton _c1968 |
||
| 300 | _a191p. | ||
| 350 | _a0.00 | ||
| 995 |
_D0.00 _FCBU-MAIN LIBRARY (Kitwe) _H1 _I0.25 _M1 _UAVAILABLE _ZFiction Collection |
||
| 999 |
_c38478 _d38478 |
||